ASEAN-China relations : realities and prospects

Bibliographic Details
Format: Book
Published: Singapore : ISEAS Publications , 2005
Subjects:

MARC

LEADER 00000cam a2200000 7i4500
001 0000032227
005 20120525.0
008 120525
020 |a 9812303421 
090 0 0 |a 327.59051   |b ASE 
245 1 0 |a ASEAN-China relations :   |b realities and prospects   |c edited by Saw, Swee-Hock   |f Sheng Lijun   |f Chin Kin Wah 
260 |a Singapore :   |b ISEAS Publications ,   |c 2005 
650 0 |a China   |x foreign relations   |x southeast Asia 
650 0 |a Chinese   |x southeast Asia 
650 0 |a Great powers 
650 0 |a Sea   |x power   |x Southeast Asia 
650 0 |a Southeast Asia   |x foreign relations   |z China 
999 |a 0001021824   |b Book   |c REFERENCE   |e Perbadanan Perpustakaan Awam Johor